[Event "BI-2014-P-0032"]
[Site "LSS email"]
[Date "2014.04.19"]
[Round "?"]
[White "Andersson, Ole"]
[Black "Lanin, Boris Aleksandrovic"]
[Result "1/2-1/2"]
[WhiteElo "1884"]
[BlackElo "1928"]
[PlyCount "100"]
[EventDate "2014.04.25"]
[EventType "tourn (corr)"]
[EventRounds "10"]
[EventCountry "GER"]
[SourceTitle "Corr 2015"]
[Source "ChessBase"]
[SourceDate "2015.07.17"]
[SourceVersion "1"]
[SourceVersionDate "2015.07.17"]
[SourceQuality "1"]

1. d4 Nf6 2. c4 e6 3. Nf3 b6 4. Bf4 Bb7 5. e3 Bb4+ 6. Nfd2 0-0 7. a3 Be7 8. Nc3 d5 9. cxd5 Nxd5 10. Nxd5 Bxd5 11. Qc2 Bd6 12. Bxd6 cxd6 13. Bd3 g6 14. 0-0 Nd7 15. Rac1 Rc8 16. Qa4 Rc7 17. e4 Ba8 18. Qb4 Nf6 19. Rfe1 Qe7 20. Rcd1 Nh5 21. g3 Ng7 22. f4 Rd8 23. Nb1 h5 24. Nc3 Ne8 25. Nb5 Rcd7 26. d5 h4 27. dxe6 Qxe6 28. Nd4 Qf6 29. Bf1 Nc7 30. Bh3 Re7 31. Nf3 hxg3 32. hxg3 Ree8 33. Ng5 Qe7 34. Kf2 Na6 35. Qd4 Nc5 36. Bg2 Ne6 37. Nxe6 fxe6 38. Rh1 e5 39. Qe3 d5 40. exd5 exf4 41. Qxe7 fxg3+ 42. Kxg3 Rxe7 43. Rhe1 Rxe1 44. Rxe1 Kf7 45. Re5 Bb7 46. Kf4 Bc8 47. Kg5 Bf5 48. Re3 Rh8 49. Bf3 Rd8 50. Be2 Re8 1/2-1/2

[Event "BI-2014-P-0032"]
[Site "LSS email"]
[Date "2014.04.19"]
[Round "?"]
[White "Andersson, Ole"]
[Black "Reede, Arvo"]
[Result "1-0"]
[WhiteElo "1884"]
[BlackElo "1725"]
[PlyCount "59"]
[EventDate "2014.04.25"]
[EventType "tourn (corr)"]
[EventRounds "10"]
[EventCountry "GER"]
[SourceTitle "Corr 2015"]
[Source "ChessBase"]
[SourceDate "2015.07.17"]
[SourceVersion "1"]
[SourceVersionDate "2015.07.17"]
[SourceQuality "1"]

1. d4 f5 2. Nf3 Nf6 3. g3 e6 4. Bg2 c5 5. 0-0 Nc6 6. c4 cxd4 7. Nxd4 Bc5 8. Nb3 0-0 9. Nxc5 d6 10. Na4 Na5 11. b3 Bd7 12. Nbc3 Ne8 13. Ba3 Bc6 14. Qd3 Bxg2 15. Kxg2 Rf7 16. Rad1 b6 17. Nb5 Nb7 18. Qf3 g6 19. Rd2 Qd7 20. Bxd6 Qc8 21. Bf4 Nf6 22. Nac3 a6 23. Nd6 Nxd6 24. Rxd6 Nh5 25. Bg5 Rf8 26. Rxb6 Ra7 27. Qc6 Qxc6+ 28. Rxc6 e5 29. Nd5 f4 30. g4 1-0

[Event "BI-2014-P-0032"]
[Site "LSS email"]
[Date "2014.04.19"]
[Round "?"]
[White "Bieszk, Stanislaw"]
[Black "Andersson, Ole"]
[Result "0-1"]
[WhiteElo "867"]
[BlackElo "1884"]
[PlyCount "70"]
[EventDate "2014.04.25"]
[EventType "tourn (corr)"]
[EventRounds "10"]
[EventCountry "GER"]
[SourceTitle "Corr 2015"]
[Source "ChessBase"]
[SourceDate "2015.07.17"]
[SourceVersion "1"]
[SourceVersionDate "2015.07.17"]
[SourceQuality "1"]

1. e4 c6 2. d4 d5 3. e5 Bf5 4. Nf3 e6 5. Be2 Ne7 6. 0-0 Nd7 7. Nbd2 h6 8. Nb3 g5 9. Ne1 c5 10. Nxc5 Nxc5 11. dxc5 Nc6 12. Bd3 Bxc5 13. Bxf5 exf5 14. Nd3 Bb6 15. Kh1 Qe7 16. f4 0-0-0 17. b4 gxf4 18. Bxf4 Nxb4 19. Qh5 Nc6 20. Bd2 Nd4 21. c3 Ne6 22. Qxf5 Rd7 23. Qf6 Qxf6 24. Rxf6 Ng5 25. Bxg5 hxg5 26. Raf1 Rc7 27. Nb4 Rd8 28. Rd6 Rxd6 29. exd6 Rc5 30. h3 a5 31. Rxf7 axb4 32. cxb4 Rc4 33. Rf5 d4 34. Rxg5 d3 35. Rd5 Bd4 0-1

[Event "SB-2014-0-00357"]
[Site "LSS email"]
[Date "2014.03.18"]
[Round "?"]
[White "Andersson, Ole"]
[Black "Chmela, Zdenek"]
[Result "1-0"]
[WhiteElo "1884"]
[BlackElo "1904"]
[PlyCount "135"]
[EventDate "2014.02.21"]
[EventType "tourn (corr)"]
[EventRounds "6"]
[EventCountry "GER"]
[SourceTitle "Corr 2015"]
[Source "ChessBase"]
[SourceDate "2015.07.17"]
[SourceVersion "1"]
[SourceVersionDate "2015.07.17"]
[SourceQuality "1"]

1. d4 d5 2. c4 e6 3. Nc3 Nf6 4. cxd5 exd5 5. Bg5 Be7 6. e3 0-0 7. Bd3 c5 8. Nge2 c4 9. Bc2 Be6 10. 0-0 Nc6 11. Nf4 Qd7 12. Bxf6 Bxf6 13. Ncxd5 Bxd5 14. Qh5 Rfd8 15. Qxh7+ Kf8 16. e4 Bxe4 17. Bxe4 Qd6 18. g3 Bxd4 19. Qh8+ Ke7 20. Qh5 Kf8 21. Rad1 Qh6 22. Qb5 Rd7 23. Nd5 Qe6 24. Rxd4 Nxd4 25. Qc5+ Re7 26. Bg2 Ne2+ 27. Kh1 Rd8 28. Nxe7 Qxe7 29. Qxc4 Rd2 30. Qc8+ Rd8 31. Qxb7 Qxb7 32. Bxb7 Rb8 33. Re1 Nxg3+ 34. hxg3 Rxb7 35. b3 Rc7 36. Re2 Rc5 37. Kg2 a5 38. Kf3 g6 39. Ke4 Ke7 40. Kd3+ Kd6 41. Re4 g5 42. f3 f6 43. Rc4 Rb5 44. Ra4 Re5 45. Rd4+ Kc5 46. f4 Re1 47. Rc4+ Kd6 48. fxg5 fxg5 49. Rg4 Re5 50. a4 Rf5 51. Rd4+ Kc6 52. Ke4 Rf1 53. g4 Kb6 54. Ke5 Rf3 55. b4 axb4 56. Rxb4+ Ka6 57. Kd6 Rf4 58. Kc5 Rf6 59. Rd4 Ka5 60. Rd6 Rf4 61. Rd8 Ka6 62. Rd4 Rf8 63. Rd5 Rf4 64. Rxg5 Rxa4 65. Rg7 Ra1 66. g5 Rc1+ 67. Kd6 Kb6 68. Rf7 1-0

[Event "SB-2014-0-00357"]
[Site "LSS email"]
[Date "2014.03.17"]
[Round "?"]
[White "Herzog, Klaus"]
[Black "Andersson, Ole"]
[Result "0-1"]
[WhiteElo "1828"]
[BlackElo "1884"]
[PlyCount "38"]
[EventDate "2014.02.21"]
[EventType "tourn (corr)"]
[EventRounds "6"]
[EventCountry "GER"]
[SourceTitle "Corr 2015"]
[Source "ChessBase"]
[SourceDate "2015.07.17"]
[SourceVersion "1"]
[SourceVersionDate "2015.07.17"]
[SourceQuality "1"]

1. d4 Nf6 2. Nc3 d5 3. Bg5 c5 4. Bxf6 gxf6 5. e3 Nc6 6. Qh5 e6 7. 0-0-0 cxd4 8. exd4 Bd7 9. Kb1 Qa5 10. Nf3 Rc8 11. Nd2 Qc7 12. Nb3 Bb4 13. Qf3 f5 14. a3 Be7 15. Qe3 a6 16. g3 b5 17. Nc5 b4 18. axb4 Nxb4 19. Nxd7 Kxd7 0-1

[Event "SB-2014-0-00357"]
[Site "LSS email"]
[Date "2014.03.17"]
[Round "?"]
[White "Vysotskiy, Evgeniy"]
[Black "Andersson, Ole"]
[Result "1/2-1/2"]
[WhiteElo "1798"]
[BlackElo "1884"]
[PlyCount "62"]
[EventDate "2014.02.21"]
[EventType "tourn (corr)"]
[EventRounds "6"]
[EventCountry "GER"]
[SourceTitle "Corr 2015"]
[Source "ChessBase"]
[SourceDate "2015.07.17"]
[SourceVersion "1"]
[SourceVersionDate "2015.07.17"]
[SourceQuality "1"]

1. e4 c6 2. Nf3 d5 3. e5 Bf5 4. Be2 e6 5. 0-0 Nd7 6. d4 Ne7 7. Nc3 Bg6 8. h3 Nf5 9. Bd3 Be7 10. Ne2 c5 11. c3 Nh4 12. Nxh4 Bxh4 13. Bxg6 hxg6 14. dxc5 Be7 15. Nd4 Bxc5 16. Nf3 Rh5 17. Bf4 Rc8 18. Qd2 Kf8 19. Bg5 Qc7 20. Rfe1 Kg8 21. Qe2 a6 22. Qd1 b5 23. b4 Ba7 24. a4 Bb8 25. axb5 axb5 26. h4 Nb6 27. Qe2 Nc4 28. Ra6 Qb7 29. Rea1 Qd7 30. g3 Rh8 31. Kf1 Qe8 1/2-1/2

[Event "OP-2014-0-03330"]
[Site "LSS email"]
[Date "2014.03.10"]
[Round "?"]
[White "Andersson, Ole"]
[Black "Kramskoi, Vasyl"]
[Result "1-0"]
[WhiteElo "1600"]
[BlackElo "1188"]
[PlyCount "53"]
[EventDate "2014.03.07"]
[EventType "tourn (corr)"]
[EventRounds "4"]
[EventCountry "GER"]
[SourceTitle "Corr 2022"]
[Source "ChessBase"]
[SourceDate "2021.10.24"]
[SourceVersion "1"]
[SourceVersionDate "2021.10.24"]
[SourceQuality "1"]

1. e4 c5 2. Nc3 e6 3. Nf3 a6 4. d4 cxd4 5. Nxd4 Qc7 6. Bd3 Nc6 7. Be3 Nf6 8. 0-0 h5 9. h3 b5 10. Qe2 Bb7 11. Rad1 Rc8 12. a4 b4 13. Na2 Nxd4 14. Bxd4 e5 15. Be3 Qc6 16. f3 a5 17. Nc1 Qxa4 18. Nb3 Ra8 19. Bb5 Qa2 20. Rxd7 Nxd7 21. Bxd7+ Kxd7 22. Qb5+ Kc8 23. Rd1 Be7 24. Rd7 Qb1+ 25. Kh2 Rb8 26. Rxe7 Qd1 27. Qc5+ 1-0

[Event "RC-2014-0-00143"]
[Site "LSS email"]
[Date "2014.03.03"]
[Round "?"]
[White "Le Duigou, Jean Guy"]
[Black "Andersson, Ole"]
[Result "0-1"]
[WhiteElo "1711"]
[BlackElo "1854"]
[PlyCount "35"]
[EventDate "2014.01.25"]
[EventType "tourn (corr)"]
[EventRounds "6"]
[EventCountry "GER"]
[SourceTitle "Telechess CBM 167"]
[Source "ChessBase"]
[SourceDate "2015.07.13"]
[SourceVersion "1"]
[SourceVersionDate "2015.07.13"]
[SourceQuality "1"]

1. c4 c6 2. e4 d5 3. exd5 cxd5 4. d4 Nf6 5. Nc3 Nc6 6. Nf3 Be6 7. c5 g6 8. Bb5 Bg7 9. Ne5 Rc8 10. Qa4 Bd7 11. 0-0 0-0 12. Bf4 Nh5 13. Nxd7 Qxd7 14. Be3 f5 15. f3 a6 16. Bxc6 bxc6 17. Qxa6 e5 18. Qe2 0-1

[Event "RC-2014-0-00143"]
[Site "LSS email"]
[Date "2014.03.03"]
[Round "?"]
[White "Susla, Vitaliy"]
[Black "Andersson, Ole"]
[Result "1/2-1/2"]
[WhiteElo "1973"]
[BlackElo "1854"]
[PlyCount "55"]
[EventDate "2014.01.25"]
[EventType "tourn (corr)"]
[EventRounds "6"]
[EventCountry "GER"]
[SourceTitle "Telechess CBM 167"]
[Source "ChessBase"]
[SourceDate "2015.07.13"]
[SourceVersion "1"]
[SourceVersionDate "2015.07.13"]
[SourceQuality "1"]

1. d4 c6 2. c4 d5 3. Nf3 Nf6 4. Nc3 dxc4 5. a4 Bf5 6. Ne5 Nbd7 7. Nxc4 Nb6 8. Ne5 a5 9. e3 Nbd7 10. Qb3 Nxe5 11. dxe5 Nd7 12. Qxb7 Nxe5 13. e4 Be6 14. Bf4 Rb8 15. Qa7 f6 16. Be2 Rxb2 17. 0-0 Qb6 18. Qxb6 Rxb6 19. Rfb1 Rxb1+ 20. Rxb1 g5 21. Bxe5 fxe5 22. Rb7 Kd8 23. Ra7 Bg7 24. Rxa5 Kc7 25. Ra7+ Kd6 26. g4 Rb8 27. a5 Bf6 28. Kg2 1/2-1/2

[Event "OP-2014-0-03313"]
[Site "LSS email"]
[Date "2014.03.02"]
[Round "?"]
[White "Andersson, Ole"]
[Black "Lenz, Juergen"]
[Result "1-0"]
[WhiteElo "1600"]
[BlackElo "1110"]
[PlyCount "69"]
[EventDate "2014.02.26"]
[EventType "tourn (corr)"]
[EventRounds "4"]
[EventCountry "GER"]
[SourceTitle "Corr 2022"]
[Source "ChessBase"]
[SourceDate "2021.10.24"]
[SourceVersion "1"]
[SourceVersionDate "2021.10.24"]
[SourceQuality "1"]

1. e4 Nf6 2. e5 Nd5 3. d4 d6 4. Nf3 Nc6 5. c4 Nb6 6. exd6 exd6 7. Be3 Be7 8. Nc3 0-0 9. b3 Bg4 10. Be2 Bf6 11. 0-0 Re8 12. h3 Bh5 13. Qd2 Bg6 14. Rae1 Qd7 15. Bd3 Bxd3 16. Qxd3 Nb4 17. Qd2 Qf5 18. Nb5 Nc2 19. Nxc7 Nxe1 20. Rxe1 Rac8 21. Nxe8 Rxe8 22. d5 h6 23. Qb4 Nc8 24. Qxb7 Bc3 25. Qc6 Rf8 26. Bd2 Bxd2 27. Nxd2 Qc2 28. Nf1 Qxa2 29. Re8 Nb6 30. Rxf8+ Kxf8 31. Qxd6+ Kg8 32. c5 Qxb3 33. Qd8+ Kh7 34. cxb6 axb6 35. d6 1-0

[Event "OP-2014-0-03313"]
[Site "LSS email"]
[Date "2014.03.02"]
[Round "?"]
[White "Richter, Klaus"]
[Black "Andersson, Ole"]
[Result "1/2-1/2"]
[WhiteElo "1764"]
[BlackElo "1600"]
[PlyCount "118"]
[EventDate "2014.02.26"]
[EventType "tourn (corr)"]
[EventRounds "4"]
[EventCountry "GER"]
[SourceTitle "Corr 2022"]
[Source "ChessBase"]
[SourceDate "2021.10.24"]
[SourceVersion "1"]
[SourceVersionDate "2021.10.24"]
[SourceQuality "1"]

1. d4 c6 2. e4 d5 3. e5 Bf5 4. Nf3 e6 5. Nbd2 c5 6. Bb5+ Nc6 7. 0-0 Qb6 8. a4 a6 9. Bxc6+ Qxc6 10. dxc5 Bxc5 11. Nb3 Ne7 12. Nfd4 Bxd4 13. Nxd4 Qc7 14. Bg5 Bg6 15. c3 Nc6 16. Be3 Na5 17. f4 0-0 18. Rc1 Rfc8 19. b3 Qd7 20. Qd2 b6 21. Rfd1 Qb7 22. Bf2 h6 23. Qe3 Nc6 24. c4 Nxd4 25. Rxd4 Be4 26. h3 b5 27. c5 a5 28. axb5 Qxb5 29. Ra4 Rab8 30. Rc3 Rb7 31. Qd2 Qa6 32. Qa2 Rb5 33. Kh2 Kh7 34. Bd4 Rcb8 35. Qe2 Qc6 36. Qe3 Kg8 37. Ra3 R8b7 38. Qd2 Kh7 39. Rg3 Rb4 40. Rxa5 Rxb3 41. Rxb3 Rxb3 42. Ra7 Qe8 43. Qa5 Bxg2 44. Ra8 Qe7 45. Qd8 Qxd8 46. Rxd8 Rd3 47. c6 Rxd4 48. c7 Rc4 49. c8Q Rxc8 50. Rxc8 Be4 51. Kg3 Kg6 52. Rc7 f6 53. Re7 Bf5 54. h4 h5 55. Kf3 Bg4+ 56. Ke3 fxe5 57. fxe5 Kf5 58. Rxg7 Kxe5 59. Rg5+ Kd6 1/2-1/2

[Event "OP-2014-0-03313"]
[Site "LSS email"]
[Date "2014.03.02"]
[Round "?"]
[White "Vontina, Maria"]
[Black "Andersson, Ole"]
[Result "0-1"]
[WhiteElo "721"]
[BlackElo "1600"]
[PlyCount "30"]
[EventDate "2014.02.26"]
[EventType "tourn (corr)"]
[EventRounds "4"]
[EventCountry "GER"]
[SourceTitle "Corr 2022"]
[Source "ChessBase"]
[SourceDate "2021.10.24"]
[SourceVersion "1"]
[SourceVersionDate "2021.10.24"]
[SourceQuality "1"]

1. e4 e5 2. Nf3 Nc6 3. Bb5 a6 4. Ba4 f5 5. exf5 e4 6. Ng1 Qg5 7. Kf1 Qxf5 8. Qe2 b5 9. Bb3 Bb7 10. c3 Ne5 11. Bc2 Bc5 12. d4 exd3 13. Bxd3 Qxd3 14. Qxd3 Nxd3 15. Nh3 Nxc1 0-1